[Event "Irish New Year Events-IM2 2020"]
[Site "Dublin"]
[Date "2020.01.03"]
[Round "3.12"]
[White "Carroll, Peter"]
[Black "Han, Yichen"]
[Result "0-1"]
[WhiteElo "2087"]
[BlackElo "2257"]
[Annotator "NA"]
[PlyCount "94"]
[EventDate "2020.01.02"]
[EventType "tourn"]
[EventCountry "IRL"]
[SourceTitle "playchess.com"]
[Source "ChessBase"]
[SourceQuality "1"]
[TimeControl "40/5400+30:1800+30"]

1. e4 {[%emt 0:00:00]} e5 {[%emt 0:00:00]} 2. Nf3 {[%emt 0:00:00]} Nc6 {[%emt 0:00:00]} 3. Nc3 {[%emt 0:00:00]} Nf6 {[%emt 0:00:00]} 4. g3 {[%emt 0:00:00]} d5 {[%emt 0:00:08]} 5. exd5 {[%emt 0:00:00]} Nxd5 {[%emt 0:00:08]} 6. Bg2 {[%emt 0:00:00]} Nxc3 {[%emt 0:00:16]} 7. bxc3 {[%emt 0:00:00]} Bc5 {[%emt 0:00:18]} 8. O-O {[%emt 0:00:00]} Bg4 {[%emt 0:02:04]} 9. Re1 {[%emt 0:00:00]} O-O {[%emt 0:00:57]} 10. h3 {[%emt 0:00:01]} Bh5 {[%emt 0:00:29]} 11. g4 {[%emt 0:02:17]} Bg6 {[%emt 0:00:10]} 12. Nxe5 {[%emt 0:01:08]} Nxe5 {[%emt 0:10:11]} 13. Rxe5 {[%emt 0:00:32]} Bd6 {[%emt 0:02:37]} 14. Re1 {[%emt 0:03:16]} Qh4 {[%emt 0:01:23]} 15. d3 {[%emt 0:12:43]} f5 {[%emt 0:00:48]} 16. Rf1 {[%emt 0:11:06]} h5 {[%emt 0:09:00]} 17. gxh5 {[%emt 0:10:20]} Bxh5 {[%emt 0:00:19]} 18. Qd2 {[%emt 0:00:57]} f4 {[%emt 0:10:21]} 19. f3 {[%emt 0:00:49]} Rae8 {[%emt 0:00:58]} 20. Qf2 {[%emt 0:01:14]} Be7 {[%emt 0:01:32]} 21. Bd2 {[%emt 0:03:16]} Qxf2+ {[%emt 0:03:07]} 22. Rxf2 {[%emt 0:00:17]} Bh4 {[%emt 0:00:07]} 23. Bf1 {[%emt 0:03:08]} Bxf2+ {[%emt 0:01:12]} 24. Kxf2 {[%emt 0:00:01]} Re6 {[%emt 0:02:22]} 25. Rb1 {[%emt 0:01:06]} Rb6 {[%emt 0:00:30]} 26. Rxb6 {[%emt 0:01:04]} axb6 {[%emt 0:00:06]} 27. d4 {[%emt 0:00:10]} g5 {[%emt 0:00:43]} 28. a3 {[%emt 0:00:30]} Bg6 {[%emt 0:03:50]} 29. Bd3 {[%emt 0:00:03]} Bxd3 {[%emt 0:00:42]} 30. cxd3 {[%emt 0:00:02]} Kg7 {[%emt 0:01:30]} 31. c4 {[%emt 0:00:17]} Kg6 {[%emt 0:00:19]} 32. Bb4 {[%emt 0:00:26]} Re8 {[%emt 0:00:34]} 33. d5 {[%emt 0:00:41]} Re3 {[%emt 0:02:21]} 34. d4 {[%emt 0:00:03]} Rd3 {[%emt 0:00:14]} 35. c5 {[%emt 0:00:22]} bxc5 {[%emt 0:00:43]} 36. Bxc5 {[%emt 0:00:11]} b6 {[%emt 0:00:09]} 37. d6 {[%emt 0:00:07]} cxd6 {[%emt 0:00:15]} 38. Bxd6 {[%emt 0:01:03]} Rxd4 {[%emt 0:00:15]} 39. Be7 {[%emt 0:00:31]} Rd2+ {[%emt 0:00:18]} 40. Kg1 {[%emt 0:00:07]} Kh5 {[%emt 0:00:11]} 41. a4 {[%emt 0:30:44]} Kh4 {[%emt 0:30:16]} 42. Kf1 {[%emt 0:00:10]} Kxh3 {[%emt 0:00:16]} 43. Bxg5 {[%emt 0:00:05]} Kg3 {[%emt 0:00:07]} 44. Ke1 {[%emt 0:00:16]} Ra2 {[%emt 0:00:07]} 45. Bd8 {[%emt 0:00:07]} Kxf3 {[%emt 0:00:13]} 46. Bxb6 {[%emt 0:00:05]} Rxa4 {[%emt 0:00:08]} 47. Kf1 {[%emt 0:00:34]} Ra1# {[%emt 0:00:08]} 0-1

[Event "Irish New Year Events-IM2 2020"]
[Site "Dublin"]
[Date "2020.01.03"]
[Round "3.13"]
[White "Abdulla, Murad"]
[Black "Alienkin, Aleksander"]
[Result "1/2-1/2"]
[WhiteElo "2257"]
[BlackElo "2382"]
[Annotator "TA"]
[PlyCount "81"]
[EventDate "2020.01.02"]
[EventType "tourn"]
[EventCountry "IRL"]
[SourceTitle "playchess.com"]
[Source "ChessBase"]
[SourceQuality "1"]

{[%evp 13,81,19,19,20,31,16,20,1,0,-4,6,17,5,6,17,0,0,0,6,0,18,25,24,18,10,24,24,34,37,20,37,15,16,13,11,10,16,0,10,12,5,7,15,7,27,17,31,0,0,0,16,-80,0,0,0,0,18,0,10,6,21,21,21,22,22,22,29,9,11,0]} 1. e4 e6 2. d4 d5 3. Nd2 a6 4. Ngf3 c5 5. exd5 exd5 6. dxc5 Bxc5 7. Nb3 Bb6 8. Bg5 {C08: French Tarrasch: 3...c5 4 exd5 exd5 sidelines} (8. Bd3 Qe7+ 9. Be2 Nf6 10. O-O O-O 11. Bg5 h6 12. Bh4 Nc6 13. c3 g5 14. Bg3 Ne4 15. Re1 Qf6 16. Qxd5 Nxg3 17. hxg3 {½-½ (41) Fedorchuk,S (2641)-Gurevich,M (2565) Paris 2017}) 8... f6 9. Bf4 Nc6 10. c3 Nge7 11. Bd3 Bg4 12. O-O O-O 13. h3 Bh5 $146 ({Predecessor:} 13... Bxf3 14. Qxf3 Ne5 15. Qg3 Nxd3 16. Qxd3 Qd7 17. Be3 Bxe3 18. Qxe3 Rfe8 19. Rad1 Rad8 20. Rfe1 Ng6 21. Qb6 Qc6 22. Qb4 Ne5 23. Nd4 Qd7 24. Ne2 Ng6 {½-½ (25) Kubasky,A (2252)-Von Wersch,O (2160) IECG email 1996}) 14. Be2 Qd7 15. Qd2 Rad8 16. Rad1 Bxf3 17. Bxf3 Ne5 18. Be2 Qa4 19. Nd4 {Black must now prevent Ne6.} Bxd4 20. Qxd4 Qxd4 21. cxd4 N5c6 22. Bc7 Rd7 23. Bb6 Re8 {Strongly threatening ...Nc8.} 24. Bc5 Kf7 25. Bf3 Nf5 26. g3 Rb8 27. Bb6 Rc8 28. Rfe1 Nd8 29. Bg4 g6 30. Rc1 Rxc1 31. Rxc1 Nc6 32. Bc5 (32. Kg2 $11) 32... h5 ({Black should try} 32... Ncxd4 $17 33. Bxd4 Nxd4) 33. Bxf5 $1 $11 gxf5 {[%mdl 4096] Endgame KRB-KRN} 34. Kg2 Rd8 35. a4 Rc8 36. Re1 Re8 37. Rxe8 Kxe8 38. Kf3 Kf7 39. Kf4 Ke6 40. f3 Na5 41. g4 {Accuracy: White = 36%, Black = 53%.} 1/2-1/2

[Event "Irish New Year Events-IM2 2020"]
[Site "Dublin"]
[Date "2020.01.03"]
[Round "3.14"]
[White "Kanyamarala, Trisha"]
[Black "Froewis, Georg"]
[Result "1-0"]
[WhiteElo "2195"]
[BlackElo "2470"]
[Annotator "ChessBase"]
[PlyCount "143"]
[EventDate "2020.01.02"]
[EventType "tourn"]
[EventCountry "IRL"]
[SourceTitle "playchess.com"]
[Source "ChessBase"]
[SourceQuality "1"]
[TimeControl "40/5400+30:1800+30"]

1. d4 {[%emt 0:00:00]} e6 {[%emt 0:00:00]} 2. c4 {[%emt 0:00:00]} c5 {[%emt 0:00:00]} 3. Nf3 {[%emt 0:02:14]} cxd4 {[%emt 0:00:00]} 4. Nxd4 {[%emt 0:00:08]} Nc6 {[%emt 0:00:42]} 5. e3 {[%emt 0:03:29]} Nf6 {[%emt 0:00:42]} 6. Nc3 {[%emt 0:00:56]} d5 {[%emt 0:01:31]} 7. cxd5 {[%emt 0:04:22]} exd5 {[%emt 0:00:02]} 8. Be2 {[%emt 0:01:31]} Bd6 {[%emt 0:00:05]} 9. O-O {[%emt 0:00:47]} O-O {[%emt 0:00:03]} 10. Bf3 {[%emt 0:03:56]} Be5 {[%emt 0:08:28]} 11. a3 {[%emt 0:04:47]} Re8 {[%emt 0:02:35]} 12. Qd3 {[%emt 0:10:04]} Bg4 {[%emt 0:10:16]} 13. Bxg4 {[%emt 0:03:08]} Nxg4 {[%emt 0:02:47]} 14. h3 {[%emt 0:02:03]} Nf6 {[%emt 0:03:40]} 15. Nf3 {[%emt 0:02:06]} Rc8 {[%emt 0:05:27]} 16. Bd2 {[%emt 0:02:29]} Bb8 {[%emt 0:00:49]} 17. Rfd1 {[%emt 0:03:39]} Qd7 {[%emt 0:04:36]} 18. Be1 {[%emt 0:02:27]} Rcd8 {[%emt 0:00:10]} 19. Nb5 {[%emt 0:04:12]} Ne4 {[%emt 0:02:36]} 20. Nc3 {[%emt 0:03:57]} Nf6 {[%emt 0:05:13]} 21. Nb5 {[%emt 0:00:52]} Qe7 {[%emt 0:01:42]} 22. Nbd4 {[%emt 0:03:50]} Ne4 {[%emt 0:01:54]} 23. Rac1 {[%emt 0:03:03]} Ne5 {[%emt 0:15:33]} 24. Qb3 {[%emt 0:01:56]} Nc4 {[%emt 0:03:21]} 25. Ne2 {[%emt 0:03:32]} h5 {[%emt 0:09:02]} 26. Nc3 {[%emt 0:02:24]} Nxc3 {[%emt 0:01:10]} 27. Bxc3 {[%emt 0:01:30]} g5 {[%emt 0:01:47]} 28. Qc2 {[%emt 0:02:02]} Qe4 {[%emt 0:18:03]} 29. Nxg5 {[%emt 0:04:46]} Qxc2 {[%emt 0:00:45]} 30. Rxc2 {[%emt 0:00:04]} b5 {[%emt 0:00:38]} 31. Nf3 {[%emt 0:01:22]} a6 {[%emt 0:00:09]} 32. Nd4 {[%emt 0:00:32]} Rc8 {[%emt 0:00:53]} 33. Nf5 {[%emt 0:00:51]} Be5 {[%emt 0:00:21]} 34. Bxe5 {[%emt 0:04:16]} Rxe5 {[%emt 0:00:06]} 35. Rxd5 {[%emt 0:00:48]} Rxd5 {[%emt 0:00:31]} 36. Ne7+ {[%emt 0:00:06]} Kg7 {[%emt 0:00:05]} 37. Nxd5 {[%emt 0:00:11]} Rd8 {[%emt 0:00:17]} 38. e4 {[%emt 0:01:00]} f5 {[%emt 0:00:17]} 39. f3 {[%emt 0:01:23]} fxe4 {[%emt 0:00:12]} 40. fxe4 {[%emt 0:00:06]} Kf7 {[%emt 0:01:40]} 41. a4 {[%emt 0:32:54]} Nd6 {[%emt 0:31:01]} 42. Rc7+ {[%emt 0:00:29]} Kg6 {[%emt 0:00:41]} 43. Nf4+ {[%emt 0:00:22]} Kf6 {[%emt 0:00:33]} 44. Nxh5+ {[%emt 0:01:13]} Ke5 {[%emt 0:00:03]} 45. Re7+ {[%emt 0:01:55]} Kd4 {[%emt 0:00:06]} 46. axb5 {[%emt 0:00:08]} axb5 {[%emt 0:00:09]} 47. Ng3 {[%emt 0:00:30]} Nc4 {[%emt 0:00:43]} 48. Rb7 {[%emt 0:02:18]} Kc5 {[%emt 0:00:08]} 49. b3 {[%emt 0:00:55]} Nd2 {[%emt 0:00:10]} 50. Rc7+ {[%emt 0:00:34]} Kb4 {[%emt 0:00:13]} 51. e5 {[%emt 0:00:57]} Re8 {[%emt 0:00:22]} 52. Rc2 {[%emt 0:00:45]} Nxb3 {[%emt 0:00:13]} 53. Re2 {[%emt 0:00:18]} Nd4 {[%emt 0:00:05]} 54. Re4 {[%emt 0:00:11]} Kc5 {[%emt 0:00:55]} 55. Kf2 {[%emt 0:01:13]} b4 {[%emt 0:00:48]} 56. Ne2 {[%emt 0:00:28]} Nc6 {[%emt 0:01:30]} 57. e6 {[%emt 0:04:11]} Kd5 {[%emt 0:01:23]} 58. Ke3 {[%emt 0:00:11]} b3 {[%emt 0:00:26]} 59. Nf4+ {[%emt 0:01:58]} Kd6 {[%emt 0:00:35]} 60. Kd2 {[%emt 0:01:37]} Rb8 {[%emt 0:01:07]} 61. Kc1 {[%emt 0:04:21]} Ne7 {[%emt 0:00:02]} 62. Kb2 {[%emt 0:00:29]} Rb5 {[%emt 0:00:30]} 63. g4 {[%emt 0:01:12]} Nc6 {[%emt 0:00:04]} 64. Nd3 {[%emt 0:00:36]} Ke7 {[%emt 0:00:51]} 65. h4 {[%emt 0:00:24]} Na5 {[%emt 0:00:45]} 66. Nf4 {[%emt 0:00:29]} Rc5 {[%emt 0:00:37]} 67. Ng6+ {[%emt 0:00:08]} Kd8 {[%emt 0:00:24]} 68. e7+ {[%emt 0:00:28]} Ke8 {[%emt 0:00:01]} 69. Rf4 {[%emt 0:00:34]} Rc2+ {[%emt 0:00:01]} 70. Kb1 {[%emt 0:00:06]} Re2 {[%emt 0:01:02]} 71. Rf8+ {[%emt 0:00:12]} Kd7 {[%emt 0:00:01]} 72. Rd8+ {[%emt 0:00:10]} 1-0

[Event "Irish New Year Events-IM2 2020"]
[Site "Dublin"]
[Date "2020.01.03"]
[Round "3.15"]
[White "Melaugh, Gavin"]
[Black "Haque, Muhtarim-Ul"]
[Result "0-1"]
[WhiteElo "2076"]
[BlackElo "2045"]
[Annotator "NA"]
[PlyCount "70"]
[EventDate "2020.01.02"]
[EventType "tourn"]
[EventCountry "IRL"]
[SourceTitle "playchess.com"]
[Source "ChessBase"]
[SourceQuality "1"]
[TimeControl "40/5400+30:1800+30"]

1. c4 {[%emt 0:00:00]} e5 {[%emt 0:00:00]} 2. Nc3 {[%emt 0:00:00]} Bb4 {[%emt 0:00:00]} 3. e4 {[%emt 0:00:53]} Nf6 {[%emt 0:00:18]} 4. d3 {[%emt 0:00:09]} O-O {[%emt 0:00:23]} 5. a3 {[%emt 0:04:11]} Bxc3+ {[%emt 0:00:26]} 6. bxc3 {[%emt 0:00:02]} c6 {[%emt 0:00:36]} 7. Bg5 {[%emt 0:03:35]} d6 {[%emt 0:02:00]} 8. Nf3 {[%emt 0:05:19]} Re8 {[%emt 0:00:37]} 9. Be2 {[%emt 0:03:21]} Nbd7 {[%emt 0:00:53]} 10. O-O {[%emt 0:03:23]} Nf8 {[%emt 0:04:06]} 11. Ne1 {[%emt 0:04:46]} h6 {[%emt 0:02:26]} 12. Be3 {[%emt 0:07:29]} Ng6 {[%emt 0:00:29]} 13. f4 {[%emt 0:05:48]} exf4 {[%emt 0:01:38]} 14. Bxf4 {[%emt 0:00:23]} Qb6+ {[%emt 0:01:37]} 15. Kh1 {[%emt 0:01:13]} Nxf4 {[%emt 0:00:24]} 16. Rxf4 {[%emt 0:00:13]} d5 {[%emt 0:01:00]} 17. Rb1 {[%emt 0:20:04]} Qc7 {[%emt 0:03:55]} 18. Rxf6 {[%emt 0:00:45]} gxf6 {[%emt 0:00:08]} 19. cxd5 {[%emt 0:00:54]} cxd5 {[%emt 0:00:11]} 20. Qd2 {[%emt 0:00:57]} dxe4 {[%emt 0:00:43]} 21. dxe4 {[%emt 0:05:59]} Kg7 {[%emt 0:03:59]} 22. Nf3 {[%emt 0:03:18]} Bd7 {[%emt 0:03:38]} 23. Rb4 {[%emt 0:05:51]} Rad8 {[%emt 0:07:02]} 24. Nd4 {[%emt 0:05:39]} Rxe4 {[%emt 0:02:07]} 25. Bd3 {[%emt 0:05:26]} Re5 {[%emt 0:01:20]} 26. Rc4 {[%emt 0:06:27]} Qd6 {[%emt 0:01:48]} 27. Qf2 {[%emt 0:01:53]} Qxa3 {[%emt 0:05:43]} 28. Nf3 {[%emt 0:04:51]} Qc1+ {[%emt 0:01:45]} 29. Bf1 {[%emt 0:00:07]} Rf5 {[%emt 0:07:34]} 30. Qg3+ {[%emt 0:01:27]} Kh7 {[%emt 0:01:00]} 31. Kg1 {[%emt 0:00:29]} Bb5 {[%emt 0:00:26]} 32. Qg4 {[%emt 0:00:33]} Rdd5 {[%emt 0:02:08]} 33. h4 {[%emt 0:00:30]} Bxc4 {[%emt 0:00:44]} 34. Qxc4 {[%emt 0:00:07]} Qe3+ {[%emt 0:00:32]} 35. Kh2 {[%emt 0:00:10]} Qf4+ {[%emt 0:45:54] Ng1} 0-1

[Event "Irish New Year Events-IM2 2020"]
[Site "Dublin"]
[Date "2020.01.04"]
[Round "4.11"]
[White "Baburin, Alexander"]
[Black "Haque, Muhtarim-Ul"]
[Result "1-0"]
[WhiteElo "2419"]
[BlackElo "2045"]
[Annotator "TA"]
[PlyCount "115"]
[EventDate "2020.01.02"]
[EventType "tourn"]
[EventCountry "IRL"]
[SourceTitle "playchess.com"]
[Source "ChessBase"]
[SourceQuality "1"]

{[%evp 15,115,28,27,0,3,6,14,7,9,-4,0,0,0,0,12,-29,-9,-27,-5,-23,-11,-25,-19,-32,-51,-37,-3,-19,0,0,0,0,0,0,0,0,0,0,0,0,0,0,0,0,0,0,0,0,0,0,7,6,7,0,4,5,8,8,25,8,102,102,102,102,102,102,102,102,102,102,102,102,102,102,102,102,12846,12847,12847,12847,12848,12848,12850,12848,12850,12850,12850,12851,27999,27999,27999,27994,27995,27995,27996,27996,27997,27997,27997,27999,27999,27999]} 1. d4 Nf6 2. c4 g6 3. Nf3 Bg7 4. g3 O-O 5. Bg2 d6 6. O-O Nc6 7. Nc3 a6 8. Qd3 e5 9. dxe5 {E63: King's Indian: Fianchetto: Panno Variation with 7...a6} dxe5 10. Qxd8 Rxd8 11. Bg5 {The position is equal.} Re8 12. e3 (12. Nd2 Nd4 13. Rfd1 Ne6 14. Bxf6 Bxf6 15. Rac1 Kg7 16. c5 Nxc5 {½-½ (31) Erdos,V (2628)-Amin,B (2680) Tbilisi 2017}) 12... h6 13. Bxf6 $1 Bxf6 14. Nd2 {[#]} Kg7 $146 ({Predecessor:} 14... Bd8 15. Nb3 Rb8 16. Rfd1 f5 17. Bxc6 bxc6 {1-0 (42) Pap,G (2496)-Talla,V (2505) Chur 2010}) 15. Nd5 Bd8 $1 16. b4 {[%cal Bb2b4,Bb4b5][%mdl 32]} f5 17. b5 Ne7 18. Nb3 e4 19. Nd4 Nxd5 20. cxd5 Bf6 21. Rac1 Re7 22. Rfd1 Bxd4 23. Rxd4 axb5 24. Bf1 c6 25. dxc6 bxc6 26. Rxc6 {[#] Black must now prevent Rdd6.} Be6 $1 27. Bxb5 Bxa2 28. Bc4 Bxc4 29. Rdxc4 $11 {[%mdl 4096] Endgame KRR-KRR} Rf8 30. h3 Rf6 31. g4 fxg4 32. hxg4 Rf3 33. Rd4 {With the idea Rdd6.} Rf6 34. Rdc4 Rfe6 35. Kg2 g5 36. R6c5 Kg6 37. Rc8 Rg7 (37... Re8 $11) 38. R8c6 $16 Rge7 39. Rxe4 $1 Rxc6 40. Rxe7 {KR-KR} h5 41. gxh5+ Kxh5 42. Kg3 Rc1 43. Rg7 Rg1+ 44. Kh2 Re1 45. Kg2 g4 $2 {[%mdl 8192] [#]} (45... Re2 $16) 46. Rh7+ $18 Kg6 47. Rh1 Re2 48. Kg3 Kg5 49. Ra1 Rb2 50. Ra4 Kh5 51. Rxg4 Rxf2 52. Rh4+ {White mates.} Kg5 53. Kxf2 Kxh4 54. Kf3 Kg5 55. Ke4 Kf6 56. Kd5 Kf7 57. Kd6 Kf8 58. Ke6 {Accuracy: White = 78%, Black = 50%.} 1-0

[Event "Irish New Year Events-IM2 2020"]
[Site "Dublin"]
[Date "2020.01.04"]
[Round "4.12"]
[White "Froewis, Georg"]
[Black "Melaugh, Gavin"]
[Result "1-0"]
[WhiteElo "2470"]
[BlackElo "2076"]
[Annotator "RC"]
[PlyCount "51"]
[EventDate "2020.01.02"]
[EventType "tourn"]
[EventCountry "IRL"]
[SourceTitle "playchess.com"]
[Source "ChessBase"]
[SourceQuality "1"]
[TimeControl "5400+30"]

1. Nf3 {[%emt 0:00:00]} d6 {[%emt 0:11:08]} 2. d4 {[%emt 0:00:00]} f5 {[%emt 0:00:04]} 3. c4 {[%emt 0:00:01]} e6 {[%emt 0:01:13]} 4. Nc3 {[%emt 0:03:08]} Nf6 {[%emt 0:00:05]} 5. Qc2 {[%emt 0:00:41]} d5 {[%emt 0:06:23]} 6. Bg5 {[%emt 0:00:23]} Be7 {[%emt 0:02:29]} 7. e3 {[%emt 0:01:10]} O-O {[%emt 0:07:41]} 8. Bxf6 {[%emt 0:00:03]} Rxf6 {[%emt 0:06:32]} 9. cxd5 {[%emt 0:00:07]} Bb4 {[%emt 0:04:58]} 10. dxe6 {[%emt 0:00:39]} Bxe6 {[%emt 0:01:46]} 11. Bd3 {[%emt 0:00:05]} Qe8 {[%emt 0:08:08]} 12. O-O {[%emt 0:06:08]} Qh5 {[%emt 0:06:08]} 13. Ne2 {[%emt 0:04:09]} Bd6 {[%emt 0:02:10]} 14. Ne5 {[%emt 0:00:06]} Kh8 {[%emt 0:29:31]} 15. Nf4 {[%emt 0:01:45]} Qe8 {[%emt 0:00:17]} 16. Nxe6 {[%emt 0:01:49]} Qxe6 {[%emt 0:00:19]} 17. f4 {[%emt 0:00:07]} Nc6 {[%emt 0:01:39]} 18. a3 {[%emt 0:00:42]} Raf8 {[%emt 0:01:47]} 19. Rf3 {[%emt 0:01:29]} Qe7 {[%emt 0:03:12]} 20. Rh3 {[%emt 0:01:01]} g6 {[%emt 0:00:55]} 21. Rf3 {[%emt 0:00:26]} Kg7 {[%emt 0:01:38]} 22. Rc1 {[%emt 0:00:07]} Nd8 {[%emt 0:00:44]} 23. Qc3 {[%emt 0:00:35]} c6 {[%emt 0:00:20]} 24. g4 {[%emt 0:01:41]} fxg4 {[%emt 0:00:38]} 25. Nxg4 {[%emt 0:00:06]} R6f7 {[%emt 0:00:55]} 26. d5+ {[%emt 0:00:22]} 1-0

[Event "Irish New Year Events-IM2 2020"]
[Site "Dublin"]
[Date "2020.01.04"]
[Round "4.13"]
[White "Alienkin, Aleksander"]
[Black "Kanyamarala, Trisha"]
[Result "1/2-1/2"]
[WhiteElo "2382"]
[BlackElo "2195"]
[Annotator "ChessBase"]
[PlyCount "37"]
[EventDate "2020.01.02"]
[EventType "tourn"]
[EventCountry "IRL"]
[SourceTitle "playchess.com"]
[Source "ChessBase"]
[SourceQuality "1"]
[TimeControl "5400+30"]

1. d4 {[%emt 0:06:12]} Nf6 {[%emt 0:00:00]} 2. Nf3 {[%emt 0:04:59]} d5 {[%emt 0:00:18]} 3. c4 {[%emt 0:00:34]} e6 {[%emt 0:00:14]} 4. Bg5 {[%emt 0:06:33]} Bb4+ {[%emt 0:04:22]} 5. Nc3 {[%emt 0:05:32]} dxc4 {[%emt 0:05:26]} 6. e4 {[%emt 0:04:44]} h6 {[%emt 0:01:25]} 7. Bxf6 {[%emt 0:01:08]} Qxf6 {[%emt 0:00:32]} 8. Bxc4 {[%emt 0:02:09]} c5 {[%emt 0:05:56]} 9. e5 {[%emt 0:03:01]} Qd8 {[%emt 0:05:04]} 10. d5 {[%emt 0:07:12]} exd5 {[%emt 0:03:18]} 11. Bxd5 {[%emt 0:01:03]} O-O {[%emt 0:02:37]} 12. O-O {[%emt 0:00:39]} Qe7 {[%emt 0:06:01]} 13. Nb5 {[%emt 0:08:52]} Nc6 {[%emt 0:04:11]} 14. Bxc6 {[%emt 0:12:08]} bxc6 {[%emt 0:00:10]} 15. Qd6 {[%emt 0:00:14]} Qb7 {[%emt 0:04:32]} 16. Nc3 {[%emt 0:00:17]} Bf5 {[%emt 0:03:54]} 17. Rfd1 {[%emt 0:05:13]} c4 {[%emt 0:18:41]} 18. Qd4 {[%emt 0:03:26]} Bd3 {[%emt 0:01:59]} 19. Ne1 {[%emt 0:05:50]} 1/2-1/2

[Event "Irish New Year Events-IM2 2020"]
[Site "Dublin"]
[Date "2020.01.04"]
[Round "4.14"]
[White "Han, Yichen"]
[Black "Abdulla, Murad"]
[Result "0-1"]
[WhiteElo "2257"]
[BlackElo "2257"]
[Annotator "ChessBase"]
[PlyCount "80"]
[EventDate "2020.01.02"]
[EventType "tourn"]
[EventCountry "IRL"]
[SourceTitle "playchess.com"]
[Source "ChessBase"]
[SourceQuality "1"]
[TimeControl "5400+30"]

1. d4 {[%emt 0:00:00]} Nf6 {[%emt 0:10:07]} 2. Nf3 {[%emt 0:00:00]} c5 {[%emt 0:00:03]} 3. d5 {[%emt 0:00:31]} b5 {[%emt 0:02:18]} 4. Bg5 {[%emt 0:00:28]} Qb6 {[%emt 0:00:13]} 5. Bxf6 {[%emt 0:01:10]} Qxf6 {[%emt 0:00:05]} 6. c3 {[%emt 0:00:13]} g6 {[%emt 0:00:20]} 7. e4 {[%emt 0:00:34]} Qb6 {[%emt 0:00:19]} 8. Qc2 {[%emt 0:01:50]} Bg7 {[%emt 0:00:07]} 9. Nbd2 {[%emt 0:01:38]} O-O {[%emt 0:00:45]} 10. a4 {[%emt 0:01:28]} b4 {[%emt 0:00:15]} 11. Nc4 {[%emt 0:00:53]} Qc7 {[%emt 0:01:57]} 12. Bd3 {[%emt 0:00:38]} d6 {[%emt 0:00:58]} 13. O-O {[%emt 0:00:22]} Nd7 {[%emt 0:00:51]} 14. a5 {[%emt 0:02:13]} Rb8 {[%emt 0:02:19]} 15. Rfc1 {[%emt 0:04:15]} e6 {[%emt 0:12:13]} 16. Ne3 {[%emt 0:12:50]} Nf6 {[%emt 0:01:30]} 17. Bc4 {[%emt 0:05:04]} e5 {[%emt 0:14:20]} 18. Bd3 {[%emt 0:05:01]} Nh5 {[%emt 0:02:01]} 19. g3 {[%emt 0:02:18]} Bh6 {[%emt 0:01:25]} 20. Qe2 {[%emt 0:06:07]} Ng7 {[%emt 0:03:08]} 21. cxb4 {[%emt 0:08:55]} Rxb4 {[%emt 0:00:29]} 22. Rc4 {[%emt 0:00:09]} Rb8 {[%emt 0:05:09]} 23. Nh4 {[%emt 0:07:26]} f5 {[%emt 0:27:01]} 24. Rc2 {[%emt 0:02:56]} f4 {[%emt 0:04:23]} 25. Neg2 {[%emt 0:09:08]} Rf7 {[%emt 0:02:51]} 26. gxf4 {[%emt 0:03:55]} Bxf4 {[%emt 0:03:27]} 27. Nxf4 {[%emt 0:00:15]} Rxf4 {[%emt 0:00:06]} 28. Ng2 {[%emt 0:00:11]} Rf6 {[%emt 0:00:19]} 29. Ra3 {[%emt 0:02:44]} Bh3 {[%emt 0:01:34]} 30. Bc4 {[%emt 0:01:35]} Bxg2 {[%emt 0:00:35]} 31. Kxg2 {[%emt 0:00:02]} Nh5 {[%emt 0:00:12]} 32. Kg1 {[%emt 0:02:14]} Qd7 {[%emt 0:01:01]} 33. h3 {[%emt 0:00:35]} Rbf8 {[%emt 0:00:37]} 34. Qg4 {[%emt 0:01:44]} Qd8 {[%emt 0:00:40]} 35. Be2 {[%emt 0:01:40]} Rxf2 {[%emt 0:01:20]} 36. Rcc3 {[%emt 0:02:04]} Kh8 {[%emt 0:00:44]} 37. Rf3 {[%emt 0:04:29]} Nf6 {[%emt 0:01:19]} 38. Qh4 {[%emt 0:01:45]} Rxe2 {[%emt 0:00:29]} 39. Rab3 {[%emt 0:01:07]} Rxe4 {[%emt 0:00:52]} 40. Qh6 {[%emt 0:00:08]} Rb4 {[%emt 0:00:31]} 0-1

[Event "Irish New Year Events-IM2 2020"]
[Site "Dublin"]
[Date "2020.01.04"]
[Round "4.15"]
[White "Daly, Colm"]
[Black "Carroll, Peter"]
[Result "1-0"]
[WhiteElo "2238"]
[BlackElo "2087"]
[Annotator "ChessBase"]
[PlyCount "65"]
[EventDate "2020.01.02"]
[EventType "tourn"]
[EventCountry "IRL"]
[SourceTitle "playchess.com"]
[Source "ChessBase"]
[SourceQuality "1"]
[TimeControl "5400+30"]

1. e4 {[%emt 0:08:50]} c5 {[%emt 0:00:00]} 2. Nf3 {[%emt 0:00:05]} d6 {[%emt 0:00:00]} 3. d4 {[%emt 0:00:08]} cxd4 {[%emt 0:00:00]} 4. Nxd4 {[%emt 0:00:05]} Nf6 {[%emt 0:00:00]} 5. Nc3 {[%emt 0:00:05]} a6 {[%emt 0:00:00]} 6. a4 {[%emt 0:00:26]} e5 {[%emt 0:00:00]} 7. Nf3 {[%emt 0:00:08]} Be7 {[%emt 0:01:52]} 8. Bg5 {[%emt 0:00:49]} Be6 {[%emt 0:00:59]} 9. Bxf6 {[%emt 0:00:49]} Bxf6 {[%emt 0:10:08]} 10. Nd5 {[%emt 0:02:08]} Nd7 {[%emt 0:02:59]} 11. Bc4 {[%emt 0:00:17]} O-O {[%emt 0:01:04]} 12. O-O {[%emt 0:00:39]} Rc8 {[%emt 0:01:09]} 13. Qd3 {[%emt 0:16:20]} Nc5 {[%emt 0:17:04]} 14. Qe2 {[%emt 0:00:17]} Bxd5 {[%emt 0:01:15]} 15. Bxd5 {[%emt 0:00:09]} Qc7 {[%emt 0:00:24]} 16. c3 {[%emt 0:01:34]} Ne6 {[%emt 0:04:37]} 17. g3 {[%emt 0:00:18]} Kh8 {[%emt 0:05:29]} 18. Rfd1 {[%emt 0:00:57]} Ng5 {[%emt 0:01:58]} 19. Rd3 {[%emt 0:02:41]} Be7 {[%emt 0:02:03]} 20. Nxg5 {[%emt 0:01:01]} Bxg5 {[%emt 0:00:02]} 21. a5 {[%emt 0:00:51]} g6 {[%emt 0:02:13]} 22. c4 {[%emt 0:13:33]} f5 {[%emt 0:07:15]} 23. exf5 {[%emt 0:12:24]} Rxf5 {[%emt 0:00:42]} 24. Be6 {[%emt 0:01:42]} Rcf8 {[%emt 0:01:28]} 25. Bxf5 {[%emt 0:00:19]} Rxf5 {[%emt 0:00:13]} 26. Rf3 {[%emt 0:02:23]} Qf7 {[%emt 0:00:54]} 27. Rxf5 {[%emt 0:00:18]} gxf5 {[%emt 0:00:07]} 28. Rd1 {[%emt 0:00:18]} Be7 {[%emt 0:00:15]} 29. c5 {[%emt 0:00:24]} Qe6 {[%emt 0:00:37]} 30. cxd6 {[%emt 0:00:12]} Bxd6 {[%emt 0:00:06]} 31. Qd2 {[%emt 0:00:24]} Bc7 {[%emt 0:00:36]} 32. b4 {[%emt 0:00:13]} b6 {[%emt 0:00:26]} 33. Qd7 {[%emt 0:35:43]} 1-0